Normal view
MARC view
Entry Personal Name
001 - CONTROL NUMBER
- control field: 224321
003 - CONTROL NUMBER IDENTIFIER
- control field: OSt
005 - DATE AND TIME OF LATEST TRANSACTION
- control field: 20250729165446.0
008 - FIXED-LENGTH DATA ELEMENTS
- fixed length control field: 250729|| aca||aabn | a|a d
040 ## - CATALOGING SOURCE
- Original cataloging agency: OSt
- Transcribing agency: OSt
100 ## - HEADING--PERSONAL NAME
- Personal name: ರಾಮನ್ ಬಿ ಎಸ್
670 ## - SOURCE DATA FOUND
- Source citation: Work cat.: (OSt)236351: ರಾಮನ್ ಬಿ ಎಸ್, ಭಾರತದ ಸಂವಿಧಾನ,ಮಾನವ ಹಕ್ಕುಗಳು ಮತ್ತು ಪರಿಸರ, 2005